| 000 | 00875cam a2200241 a 4500 | ||
|---|---|---|---|
| 001 | 000007155 | ||
| 005 | 20200929154100.0 | ||
| 008 | 970909s1996 pr ac b 001 0bspa | ||
| 020 | _a1563281058 | ||
| 040 |
_aDO-SdBNP _cDLC _dDLC _dBNPHU |
||
| 082 |
_a920.72 _bP123F |
||
| 100 | 1 |
_aFernández Sanz, Yolanda. _919860 |
|
| 245 | 1 | 3 |
_aTrina Padilla de Sanz, "La hija del Caribe" : _bcolección de recuerdos de Yolanda Fernández Sanz. |
| 260 |
_aSan Juan, Puerto Rico : _bPlaza Mayor, _cc1996. |
||
| 300 |
_a189 p. : _bil. ; _c27 cm. |
||
| 500 | _aIncluye notas al pie de las páginas | ||
| 504 | _aIncluye referencias bibliográficas (p. 181-189). | ||
| 600 | 1 | 4 |
_aPADILLA SANZ, TRINA _919861 |
| 650 | 4 |
_aBiografía _xMujeres _919862 |
|
| 650 | 4 |
_aBiografía _xFamilia _919863 |
|
| 650 | 4 |
_aAutores puertorriqueños _xBiografía _919864 |
|
| 910 | _aCatalogación por copia / LC | ||
| 999 |
_c6936 _d6936 |
||